000 00398nam a2200181Ia 4500
008 221030s9999 xx 000 0 und d
020 _a8178088762
041 _aEnglish
082 _a105.23
_bSin
100 _aP. K. Sinha
245 0 _aComputer Fundamentals
250 _a3rd
260 _bBPB Pub
_aNew Delhi
_c2003
300 _a404
650 _aComputers
700 _aP. Sinha
942 _cBK
999 _c56
_d56